Statistics for Random Name a Valid U.S. State

Click here to take the quiz!

General Stats

  • This quiz has been taken 2,665 times
  • The average score is 18 of 20

Answer Stats

Name a valid U.S. state that ...State% Correct
Is one word and 10 or more letters longCalifornia | Connecticut | Massachusetts | Mississippi | Pennsylvania | Washington
99%
Ends in CarolinaNorth Carolina | South Carolina
99%
Shares a border with CaliforniaArizona | Nevada | Oregon
98%
Shares a border with TexasArkansas | Louisiana | New Mexico | Oklahoma
98%
Has over 20 million residentsCalifornia | Florida | Texas
98%
Has two or more cities over 1 million residents (city proper)California | Texas
98%
Starts with NewNew Hampshire | New Jersey | New Mexico | New York
98%
Starts with AAlabama | Alaska | Arizona | Arkansas
97%
Has an area of over 150,000 square kilometersAlaska | California | Texas
97%
Has all straight line bordersColorado | Utah | Wyoming
97%
Has coastline on the Gulf of MexicoAlabama | Florida | Louisiana | Mississippi | Texas
96%
Has at least 1,000 kilometers of coastlineAlaska | California | Florida | Hawaii
96%
Has a major US river named after itArkansas | Colorado | Mississippi | Missouri | Ohio | Tennessee
96%
Starts with CCalifornia | Colorado | Connecticut
96%
Has a megacityCalifornia | New York
96%
Shares a Border with MassachusettsConnecticut | New Hampshire | New York | Rhode Island | Vermont
96%
Starts with N but not North or NewNebraska | Nevada
96%
Starts with VVermont | Virginia
96%
Has a maximum elevation of 4,000 meters or higherAlaska | California | Colorado | Hawaii | Nevada | New Mexico | Utah | Washington | Wyoming
95%
Borders MexicoArizona | California | New Mexico | Texas
95%
Has an area of under 10,000 square kilometersConnecticut | Delaware | New Hampshire | New Jersey | Rhode Island | Vermont
95%
Is 4 letters longIowa | Ohio | Utah
95%
Has coastline on the PacificAlaska | California | Hawaii | Oregon | Washington
94%
Has a city in the Biggest City in the World QuizCalifornia | Illinois | New York
94%
Borders two or more Great LakesMichigan | New York | Wisconsin
94%
Their capital ends in "city"Missouri | Nevada | Oklahoma | Utah
94%
Is the birthplace of 5 or more U.S. presidentsNew York | Ohio | Virginia
94%
Has four or more national parksAlaska | California | Colorado | Utah
93%
Starts with a unique letterDelaware | Florida | Georgia | Hawaii | Louisiana | Pennsylvania | Rhode Island | Utah
93%
Shares a Great Lake border with OntarioMichigan | Minnesota | New York | Ohio | Pennsylvania
93%
Shares a border with IdahoMontana | Nevada | Oregon | Washington | Wyoming | Utah
93%
Starts with WWashington | West Virginia | Wisconsin | Wyoming
93%
Is Landlocked and land borders CanadaIdaho | Montana | North Dakota | Vermont
92%
Is one word long and contains 2 double lettersMassachusetts | Mississippi | Tennessee
92%
Has a cardinal direction in its nameNorth Carolina | North Dakota | South Carolina | South Dakota | West Virginia
92%
Has less than 800,000 residentsAlaska | North Dakota | Vermont | Wyoming
91%
Has an average elevation of 6,000 ft or higherColorado | Utah | Wyoming
91%
New York City's metro area is inConnecticut | New Jersey | New York
91%
Borders two other U.S. statesFlorida | Rhode Island | South Carolina | Washington
91%
Has an average elevation of 100 ft or lessDelaware | Florida | Louisiana
90%
The southernmost point of the state is more south than 30° NFlorida | Hawaii | Louisiana | Texas
89%
The northernmost point of the state is higher north than the 49th parallelAlaska | Minnesota
88%
Borders Lake ErieMichigan | New York | Ohio | Pennsylvania
88%
Has more than 50 lighthousesMaine | Massachusetts | Michigan | New York
87%
Produces more than 200,000 barrels of oilNew Mexico | North Dakota | Oklahoma | Texas
87%
Borders QuebecMaine | New Hampshire | New York | Vermont
86%
Produce 1 million bushels or more of cornIllinois | Iowa | Minnesota | Nebraska
85%
Borders British ColumbiaAlaska | Idaho | Montana | Washington
84%
Is at the four corners borderArizona | Colorado | New Mexico | Utah
84%
Borders Lake SuperiorMichigan | Minnesota | Wisconsin
84%
Has an NFL team that starts with CArizona | California | Indiana | Maryland | Missouri | Texas
83%
Borders Kentucky and TennesseeMissouri | Virginia
78%
Has between 10 and 8 million residentsGeorgia | Michigan | New Jersey | North Carolina | Virginia
77%
Borders seven states or moreKentucky | Missouri | Tennessee
77%
Has coastline on the Chesapeake BayMaryland | Virginia
77%
Has no coastline on a lake or the sea and is at least partly in ESTKentucky | Tennessee | West Virginia
76%
With only one Major Pro Sport teamNew Jersey | Oklahoma | Oregon | Utah
75%
Has no blue on its flagAlabama | California | Maryland | New Mexico
72%
Has more than one ATP tennis tournamentFlorida | New York
72%
Has a city called Quincy that has over 7,000 residentsFlorida | Illinois | Massachusetts | Washington
71%
The northernmost point of the state is on the 49th parallelIdaho | Montana | North Dakota | Washington
69%
Has 50% or more red on its flagArkansas | Georgia | Tennessee
53%

Score Distribution

Percentile by Number Answered

Percent of People with Each Score

Your Score History

You have not taken this quiz